[Event "RUS-chT Blitz Women 2018"]
[Site "Sochi"]
[Date "2018.10.10"]
[Round "3"]
[White "Maltsevskaya, Aleksandra"]
[Black "Tomilova, Elena"]
[Result "0-1"]
[WhiteElo "2290"]
[BlackElo "2328"]
[Annotator "TA"]
[PlyCount "112"]
[EventDate "2018.10.10"]
[EventType "swiss"]
[EventCountry "RUS"]
[SourceTitle "playchess.com"]
[Source "ChessBase"]
[SourceQuality "1"]

{[%evp 18,112,-15,-11,-8,-8,0,0,0,-4,0,0,21,0,30,-35,-35,-66,-3,-11,14,12,20,0,33,47,59,-12,0,0,45,45,38,19,29,31,70,-14,95,51,128,0,0,0,0,-1,80,0,73,0,0,-92,-118,-152,-172,-228,-188,-342,-353,-600,-343,-327,-323,-452,-491,-2281,-2438,-2161,-2140,-29985,-29986,-29986,-29986,-29999,-1410,-1310,-1301,-1297,-1297,-1165,-1106,-1759,-1664,-1556,-1111,-967,0,-1148,-1177,-1488,-1394,-2276,-2414,-29976,-29976,-29985,-29986]} 1. e4 e6 2. Qe2 c5 3. g3 Nc6 4. Bg2 g6 5. d3 Bg7 6. Nf3 Nge7 7. O-O O-O 8. c3 d6 9. Nbd2 {[%cal Bb1d2,Bd2f1,Bf1e3,Be3g4,Bg4h2][%mdl 32]} Rb8 10. a4 a6 {C00: French: Unusual White 2nd moves} 11. Rd1 b5 12. axb5 axb5 {The position is equal.} 13. Nf1 Qb6 (13... e5 14. Bg5 h6 15. Be3 f5 16. Qd2 Kh7 17. h3 Be6 18. Ra6 Qc8 19. Rda1 f4 20. gxf4 Bxh3 21. N1h2 Bxg2 22. Kxg2 exf4 23. Bxf4 Qd7 24. Bg3 Rbd8 {½-½ (24) Dumpor,A (2401)-Stevic,H (2506) Vogosca 2007}) 14. Ne3 $146 ({Predecessor:} 14. h4 b4 15. Bd2 bxc3 16. bxc3 h6 17. Ne3 d5 18. e5 Qc7 19. Ng4 Nf5 20. Bf4 Kh8 21. Nf6 Na5 22. g4 Bxf6 23. gxf5 Nb3 24. Bxh6 {1-0 (24) Selbes,T (2329)-Sipahioglu,I (2142) Konya 2015}) 14... Ba6 15. h4 Ra8 16. Rb1 (16. h5 $11) 16... b4 $15 17. c4 Nd4 (17... Bc8 $15) 18. Nxd4 $11 cxd4 19. Ng4 h5 20. Nh2 b3 21. g4 Qc5 22. Kh1 (22. gxh5 $14 Qxh5 23. Qxh5 gxh5 24. Bf3) 22... hxg4 23. Qxg4 Qh5 (23... d5 {with more complications.} 24. Qg5 f6 25. Qg4 dxc4 26. Qxe6+ Kh7) 24. Qxh5 gxh5 25. Bf3 Ng6 26. Rg1 Kh7 27. Bxh5 ({White should play} 27. Rg5 $1 $14) 27... Nxh4 (27... d5 $1 $11) 28. Bd2 f5 {[#]} (28... Ng6 $14) 29. Bg5 (29. Rg3 $1 $16) 29... Bf6 30. Bxh4 Bxh4 31. exf5 {Hoping for Rg2.} exf5 {[#]} (31... Bxf2 $11 32. Rgf1 Bb7+ 33. Bf3 Bxf3+ 34. Nxf3 Be3 35. fxe6 Rf6) 32. Bf3 (32. Rg2 $1 $16) 32... Ra7 (32... Bxf2 $11 33. Rg2 (33. Rgf1 Be3 $15) 33... Be3) 33. Ra1 ({White should try} 33. Kg2 $16) 33... Bxf2 34. Rg5 (34. Rg2 $1 $11 {remains equal.} Be3 35. Nf1) 34... Be3 35. Rh5+ Kg6 36. Rh3 (36. Kg2 $142) 36... Rff7 $19 37. Bh5+ $2 (37. Nf1) 37... Kf6 {( -> ...Bb7+)} 38. Bf3 $2 (38. Rf1 Bb7+ 39. Bf3) 38... Bc8 39. Rf1 Ra2 40. Bd5 {Threatening Ng4+.} Rg7 41. Rb1 (41. Rh8 $142 Be6 42. Rb1) 41... Rxb2 42. Rf1 Rf2 43. Rb1 b2 44. Nf1 Rc2 {[%csl Ge3][%cal Rg7g1]} 45. Rh2 Rc1 (45... Rg1# $142) 46. Rhxb2 Rg1+ 47. Kh2 Rgxf1 48. Rxc1 Rxc1 49. Rb8 Be6 50. Bc6 Ke5 51. Re8 Kf6 $2 (51... Rc2+ $19 52. Kh1 Kf6 53. Rf8+ Ke7 54. Re8+ Kf7) 52. Rd8 $2 {[%mdl 8192]} (52. Rb8 $11 Rc2+ 53. Kh1) 52... Ke7 53. Rh8 Rd1 54. Rh7+ Kf6 55. Kg2 Rxd3 56. Bb5 Rd2+ {Precision: White = 35%, Black = 37%.} 0-1

[Event "RUS-chT Blitz Women 2018"]
[Site "Sochi"]
[Date "2018.10.10"]
[Round "3"]
[White "Nebolsina, Vera"]
[Black "Dordzhieva, Dinara"]
[Result "1/2-1/2"]
[WhiteElo "2220"]
[BlackElo "2340"]
[Annotator "TA"]
[PlyCount "98"]
[EventDate "2018.10.10"]
[EventType "swiss"]
[EventCountry "RUS"]
[SourceTitle "playchess.com"]
[Source "ChessBase"]
[SourceQuality "1"]

{[%evp 12,98,27,29,59,51,77,63,79,39,48,-18,5,5,10,0,0,0,0,4,17,6,47,-31,-28,-35,-37,-51,-55,-88,-43,-63,0,-14,9,9,9,10,21,22,22,23,37,0,0,0,0,0,0,-40,-39,-41,-41,-41,-33,-35,0,-38,0,0,0,0,0,-90,-91,-87,-85,-217,-218,-198,-175,-200,-208,-416,-111,-90,-8,-8,-8,-493,0,0,0,-440,0,0,0,-381,0]} 1. e4 c5 {[%cal Bc7c5,Bc5d4][%mdl 32]} 2. Nc3 Nc6 3. Bb5 Nd4 4. Nf3 g6 5. Bc4 Bg7 6. Nxd4 cxd4 7. Qf3 {[%csl Gc4][%cal Rf3f7] [#]} f5 {B23: Closed Sicilian: Lines without g3} 8. Ne2 ({But not} 8. exf5 dxc3 9. fxg6 Nf6 $15) 8... Qa5 9. O-O (9. c3 dxc3 10. dxc3 Nf6 11. exf5 Qxf5 12. Qxf5 gxf5 13. Bf4 d6 14. Rd1 Bd7 15. O-O {1-0 (69) Wei,Y (2724)-Dubov,D (2661) Ningbo 2015}) 9... e6 {White is slightly better.} 10. d3 Ne7 11. exf5 $146 (11. Qg3 $14) ({Predecessor:} 11. Qh3 O-O 12. Bh6 Qc5 13. Bb3 a5 14. a4 b6 15. Bxg7 Kxg7 {0-1 (70) Vasilevich,I (2327)-Repina,V (2280) Moscow 2011}) 11... Qxf5 (11... O-O {with more complications.} 12. Qh3 Nxf5 13. Ng3 Nxg3 14. Qxg3 b6) 12. Qxf5 Nxf5 13. Ng3 Nd6 14. Bb3 O-O {[%cal Bh8f8,Bf8f5,Bf5g5][%mdl 32]} 15. Bg5 {With the idea Be7.} Nf5 16. Nxf5 Rxf5 (16... gxf5 {is interesting.} 17. a4 b6 18. a5 Ba6 19. Bf4 Kf7) 17. Be7 (17. f4 $1 $14) 17... b6 $15 18. a4 Bb7 19. a5 bxa5 20. Ra2 Re8 21. Bd6 Rg5 (21... Bd5 $15) 22. f3 h5 23. h4 Rf5 24. Rfa1 Bf6 25. Rxa5 a6 26. Rxf5 gxf5 27. g3 Bxf3 28. Rxa6 Bc6 29. Kf2 Kf7 30. Ba4 (30. Ra5 {seems wilder.} Be7 31. Bf4 Kg6 32. Be5 Bd8 33. Ra6) 30... Bxa4 31. Rxa4 {[%mdl 4096] Endgame KRB-KRB} Rc8 32. Rc4 Ra8 33. Rc7 Ke8 34. b4 Ra2 35. b5 {next b6 is good for White.} Rb2 36. Rc8+ Kf7 $1 37. Rc5 (37. Rc7 $11) 37... Be7 $17 38. Bxe7 Kxe7 {KR-KR} 39. Kf3 (39. Ke1 $17 {was necessary.}) 39... Kd6 $19 40. Rc4 e5 ({Worse is} 40... Rxb5 41. Rxd4+ Ke7 42. Rc4 $11) 41. Rc8 Rxb5 42. Rh8 $2 {[#]} (42. Rf8 Rc5 43. Rxf5) 42... Rb2 $2 (42... Rc5 $19 {is more deadly.} 43. Rh6+ Kd5 44. Rxh5 Rxc2 45. Rxf5 Rd2) 43. Rxh5 $17 Ke6 (43... Rxc2 $17 {...Rd2 is the strong threat.} 44. Rxf5 Rd2) 44. Rh6+ $11 Kd5 45. Rh5 $2 {[%mdl 8192]} (45. Rh7 $1 $11 {and White stays safe.}) 45... Ke6 46. Rh6+ Kd5 47. Rh5 Ke6 48. Rh6+ Kd5 49. Rh5 Ke6 $2 {Precision: White = 36%, Black = 38%.} (49... Rxc2 $19 50. Rxf5 Rd2) 1/2-1/2

[Event "RUS-chT Blitz Women 2018"]
[Site "Sochi"]
[Date "2018.10.10"]
[Round "3"]
[White "Shafigullina, Zarina"]
[Black "Kovalevskaya, Ekaterina"]
[Result "0-1"]
[WhiteElo "2150"]
[BlackElo "2403"]
[Annotator "TA"]
[PlyCount "156"]
[EventDate "2018.10.10"]
[EventType "swiss"]
[EventCountry "RUS"]
[SourceTitle "playchess.com"]
[Source "ChessBase"]
[SourceQuality "1"]

{[%evp 20,156,0,0,27,26,27,12,28,0,6,0,7,0,12,0,37,37,30,33,50,50,124,127,127,130,123,126,137,138,146,132,133,126,142,133,131,88,103,-39,-39,-39,-39,-39,-39,-114,-39,-39,-39,-41,-52,-45,-31,-23,0,0,0,0,0,0,0,0,0,0,0,0,0,0,0,-29977,0,-29978,-29979,-29989,-29990,-29990,-29988,-29988,-29977,-12821,-8688,-29985,-5202,-12794,-5193,-29990,-12838,-29990,-29991,-29993,-29988,-29990,-12790,-29992,-29988,-29986,-29987,-29990,-29988,-29988,-29987,-29988,-29988,-29988,-29987,-29987,-29988,-29988,-29988,-29989,-29980,-29979,-12818,-29980,-29978,-29978,-29968,-29979,-12833,-12812,-12808,-12850,-12817,-29991,-29992,-29994,-29995,-29995,-29996,-29996,-29996,-29996,-29997,-29997,-29997,-29997,-29995,-29995,-29996]} 1. d4 Nf6 2. Nf3 c5 3. g3 cxd4 4. Nxd4 e5 5. Nb3 d5 6. Bg2 Nc6 7. O-O Be7 8. Bg5 Be6 9. Nc3 d4 {A43: Schmid Benoni} 10. Bxf6 (10. Na4 Bd5 11. Bxf6 Bxf6 12. Bxd5 Qxd5 13. Nc3 Qd8 14. Ne4 Be7 15. c3 f5 16. Nec5 dxc3 17. Nxb7 Qxd1 18. Rfxd1 cxb2 {1-0 (86) Bindrich,F (2605)-Batsiashvili,N (2504) Caleta 2018}) 10... Bxf6 11. Ne4 {LiveBook: 43 Games} Bxb3 {The position is equal.} 12. Nxf6+ $146 ({Predecessor:} 12. cxb3 O-O 13. Rc1 Rc8 14. Qd3 Be7 15. Nc5 Qc7 16. Qb5 Bxc5 17. Rxc5 {0-1 (49) Asilkefeli,H (1982)-Gundogan,C (1833) Kemer 2011}) 12... Qxf6 13. axb3 O-O 14. Qd2 Rfd8 15. e3 a6 16. Rfd1 Rac8 17. Rac1 Qh6 18. exd4 {Black must now prevent Qxh6.} Qxd2 19. Rxd2 Nxd4 {[#] And now ...Nf3+! would win.} 20. Rcd1 b6 (20... Kf8 $14) 21. c3 Ne6 22. Bb7 Rxd2 23. Rxd2 $16 {[%mdl 4096] Endgame KRB-KRN} Rb8 24. Bxa6 Kf8 25. Bc4 Ke7 26. Re2 f6 27. f4 b5 28. Bd5 Nc7 29. c4 (29. Bf3 $16) 29... Nxd5 $15 30. cxd5 {KR-KR} Kd6 31. fxe5+ fxe5 32. Rd2 (32. Kf2 $1 $15) 32... Rc8 ({Black should try} 32... Rf8 $17 33. Rc2 e4) 33. Kf2 Rc5 34. Ke3 Rxd5 35. Rf2 Ke6 36. Rf8 Rd1 37. Rb8 Re1+ 38. Kf2 Rb1 39. Rxb5 Rxb2+ 40. Kg1 $1 h5 41. b4 Kf5 42. Rb8 e4 43. b5 e3 {Threatens to win with ...Rb1+.} 44. b6 $2 {[%mdl 8192] [#]} (44. Re8 $11) 44... Rb1+ 45. Kg2 e2 46. b7 e1=Q {[%csl Gb1][%cal Re1f1]} 47. Rf8+ Kg6 48. b8=Q Rxb8 49. Rxb8 {KQ-KR} Qe4+ 50. Kh3 Qg4+ (50... Qe2 $142 51. Rb4 Kh6 52. Rb6+ g6 53. Rb1 g5 54. Rb6+ Kg7 55. Rb1 Kg6 56. Rb6+ Kf5 57. Rb5+ Qxb5 58. g4+ Kf4 59. Kg2 Qe2+ 60. Kg1 Kf3 61. gxh5 Qg2#) 51. Kg2 $19 Qe2+ 52. Kh3 Kh6 (52... Kf5 $142 53. Rf8+ Kg5 54. Rf4 h4 55. Rf3 Qe6+ 56. Kg2 h3+ 57. Kf1 Qc4+ 58. Kf2 Qc2+ 59. Ke3 Qxh2 60. Rf8 Qxg3+ 61. Ke4 Qe1+ 62. Kd5 Qa5+ 63. Ke6 g6 64. Rf7 Qa2+ 65. Ke7 h2 66. Rf1 Qe2+ 67. Kd7 Qxf1 68. Kc6 h1=Q+ 69. Kd6 Qf6+ 70. Kc7 Qh7+ 71. Kc8 Qfh8#) 53. Rb6+ g6 {[%cal Bg7g6,Bg6g5][%mdl 32]} 54. Rf6 Qe5 55. Rf2 Qd4 (55... Qe4 $142 56. Rf4 Qe2 57. Rf6 Kg7 58. Ra6 Qxa6 59. Kg2 Qe2+ 60. Kg1 Kf6 61. h3 Kf5 62. Kh1 Ke4 63. h4 Kf3 64. Kg1 Qg2#) 56. Rf4 Qd2 57. Rf8 g5 58. Rh8+ Kg7 59. Rxh5 Qd7+ 60. g4 Qd3+ 61. Kg2 Qe2+ 62. Kg3 Qe3+ 63. Kg2 Qd2+ 64. Kg3 Qc3+ 65. Kg2 Kg6 (65... Qc6+ $142 66. Kf2 Qc2+ 67. Ke3 Qc3+ 68. Ke4 Qc4+ 69. Ke3 Qxg4 70. Rxg5+ Qxg5+ 71. Kd3 Qh5 72. Kd4 Qxh2 73. Kd3 Kf6 74. Kc3 Ke5 75. Kd3 Qf2 76. Kc4 Qe3 77. Kb5 Kd5 78. Kb4 Qd3 79. Ka5 Kc5 80. Ka4 Qg3 81. Ka5 Qa3#) 66. h3 Qe5 67. Kf3 Qg7 68. Kg3 Kf6 (68... Qf7 $142 69. h4 Qf4+ 70. Kh3 Qf3+ 71. Kh2 gxh4 72. Rxh4 Kg5 73. Rh8 Qf4+ 74. Kh3 Qe3+ 75. Kg2 Qd2+ 76. Kf1 Qc1+ 77. Ke2 Qb2+ 78. Kd3 Qxh8 79. Kc4 Qc8+ 80. Kb5 Qc3 81. Kb6 Kxg4 82. Kb7 Kf5 83. Ka6 Ke6 84. Kb5 Kd6 85. Ka6 Kc6 86. Ka7 Qg7+ 87. Kb8 Qb7#) 69. Kf3 Ke5 70. h4 Qf7+ 71. Kg3 Qf4+ {Black mates.} 72. Kh3 Qe3+ 73. Kg2 Kf4 74. Rxg5 Qe2+ 75. Kh3 Qf3+ 76. Kh2 Qg3+ 77. Kh1 Qxh4+ 78. Kg2 Qxg5 {Precision: White = 42%, Black = 43%.} 0-1

[Event "RUS-chT Blitz Women 2018"]
[Site "Sochi"]
[Date "2018.10.10"]
[Round "3"]
[White "Sukhareva, Evgeniya"]
[Black "Pogonina, Natalija"]
[Result "1/2-1/2"]
[WhiteElo "2125"]
[BlackElo "2485"]
[Annotator "TA"]
[PlyCount "92"]
[EventDate "2018.10.10"]
[EventType "swiss"]
[EventCountry "RUS"]
[SourceTitle "playchess.com"]
[Source "ChessBase"]
[SourceQuality "1"]

{[%evp 23,92,0,0,0,19,1,0,-1,3,-25,-10,-19,0,-81,-80,-91,-91,-85,-87,-113,-93,-138,-95,-116,-104,-134,-131,-123,-115,-126,-118,-120,-119,-229,-120,-226,-225,-354,-338,-540,-539,-688,-369,-368,-364,-29993,-73,-69,-73,-155,-20,-151,-166,-170,-112,-172,-94,-364,-170,-175,0,0,0,0,252,0,0,0,247,0,0]} 1. d4 Nf6 2. c4 e6 3. Nc3 d5 4. Nf3 Nbd7 5. Bf4 Bd6 6. Bg5 h6 7. Bh4 Be7 8. e3 O-O 9. Rc1 c5 {D63: Damengambit (Hauptvariante mit 7.Tc1)} 10. cxd5 Nxd5 11. Bxe7 Nxe7 12. Bd3 (12. Be2 b6 13. O-O Bb7 14. Qa4 cxd4 15. Nxd4 Nc5 16. Qa3 Nc6 17. Rfd1 Nxd4 18. Rxd4 {½-½ (69) Korobov,A (2678)-Jakovenko,D (2735) Poikovsky 2018}) 12... cxd4 {LiveBook: 3 Partien} 13. Nxd4 a6 14. a4 $146 ({Vorgänger:} 14. O-O e5 15. Nc2 Nf6 16. Qe2 Be6 17. e4 Rc8 18. Ne3 Qa5 {1-0 (17) Perepelitsky,E (2117)-Parker,H (1500) San Francisco 2005}) 14... Nf6 15. O-O Bd7 16. Qe2 Qa5 17. Rfd1 Rfd8 18. Nb3 (18. Qc2 $11) 18... Qb4 $17 19. Nd4 Bxa4 20. Nxa4 Qxa4 21. Qf3 Ned5 22. Qh3 Qe8 23. Bb1 Rac8 24. Qg3 Rxc1 25. Rxc1 Rc8 {[%cal Rc8c1]} 26. Rd1 Ne7 $40 {[%cal Bd5e7,Be7c6,Bc6d4][%mdl 160] Weiss ist in Schwierigkeiten.} 27. e4 Nc6 28. Nc2 (28. Nxc6 $17 Qxc6 29. Qd3) 28... e5 (28... Nxe4 $19 29. Qb3 Rd8) 29. Ne3 (29. Qe3 $17) 29... Nd4 $19 {Und weiter mit ...Se2+ wäre nett.} 30. Qh4 (30. Qh3 $142) 30... Qb5 31. h3 (31. f3 $142) 31... Qxb2 32. Nd5 Nxd5 33. exd5 Qe2 34. Rf1 $2 {[#]} (34. Qg4 $19 Qxg4 35. hxg4) 34... Nb5 $2 (34... Qxf1+ $1 {[%mdl 512] setzt Matt} 35. Kh2 (35. Kxf1 Rc1#) 35... Ne2 36. Bh7+ Kh8 37. Qd8+ Rxd8 38. h4 Qg1+ 39. Kh3 h5 40. g3 Qh1#) 35. Qe7 $17 Qd2 $1 {[%cal Rd2d5]} (35... Nd4 $2 36. f3 $17) 36. Bf5 (36. Qxb7 $142 Nd6 37. Qxa6 Qxd5 38. Qe2) 36... Rf8 (36... Rb8 $1 $17 37. Qxe5 Rd8) 37. Qxe5 (37. Bh7+ $1 $11 Kxh7 38. Qxf8 Qxd5 39. Qc8) 37... g6 38. Bb1 Rd8 ({Besser ist} 38... Nc3 $19 39. d6 Nb5) 39. Qf6 (39. Bxg6 $17 {war nötig.} Qxd5 40. Qxd5 Rxd5 41. Be4) 39... Qxd5 {[#]} ({Finger weg von} 39... Rxd5 40. Bxg6 $1 {[%mdl 512]} Nd6 41. Bb1 $15) (39... Qg5 $19 40. Qb6 Rd7) 40. Bxg6 $2 {[%mdl 8192]} (40. Ba2 $1 $17 {[%mdl 512] ist der einzige Weg für Weiss..} Rd6 (40... Qxa2 41. Qxd8+) 41. Bxd5 Rxf6 42. Bxb7) 40... fxg6 (40... Rd6 $142 41. Bxf7+ Qxf7) 41. Qxg6+ $19 Kh8 $2 ({Günstiger ist} 41... Kf8 $1 $19 {...Td6 ist eine echte Drohung.} 42. Qxh6+ Ke7 43. Qh7+ Kd6) 42. Qxh6+ $11 Kg8 {Weiss muss nun ...Td6 beachten.} 43. Qg6+ Kh8 $2 {[%mdl 8192] [#]} (43... Kf8 $11) 44. Qh6+ $2 (44. Re1 $1 $18) 44... Kg8 {zielt auf ...Td6 ab.} 45. Qg6+ Kh8 $2 {[#]} (45... Kf8 $11 {und Schwarz ist OK.}) 46. Qh6+ $2 ({Weiss braucht} 46. Re1 $1 $18) 46... Kg8 {Precision: Weiß =  8%, Schwarz = 33%.} 1/2-1/2

[Event "RUS-chT Blitz Women 2018"]
[Site "Sochi"]
[Date "2018.10.10"]
[Round "3"]
[White "Sukhareva, Valentina"]
[Black "Guseva, Marina"]
[Result "0-1"]
[WhiteElo "1817"]
[BlackElo "2292"]
[Annotator "TA"]
[PlyCount "58"]
[EventDate "2018.10.10"]
[EventType "swiss"]
[EventCountry "RUS"]
[SourceTitle "playchess.com"]
[Source "ChessBase"]
[SourceQuality "1"]

{[%evp 9,58,7,-4,-45,-58,-71,-34,-73,-56,-65,-59,-72,-39,-29,-20,-51,-35,-60,-59,-56,-49,-133,-118,-120,-112,-130,-91,-178,-183,-187,-158,-170,-152,-210,-216,-202,-174,-287,-260,-375,-361,-375,-372,-495,-484,-602,-583,-1024,-637,-1817,-1807]} 1. d4 d5 2. c4 c6 3. Nc3 Nf6 4. Bg5 dxc4 5. e3 b5 {LiveBook: 10 Games} 6. Bxf6 {D10: Slav Defence: 3 cxd5 (without early Nf3) and 3 Nc3} (6. a4 b4 7. Nb1 Ba6 8. Bxf6 exf6 9. Nf3 Be7 10. Be2 O-O 11. Qc2 c5 {½-½ (11) Vesely,P (2577)-Antonenko,V (2524) ICCF email 2005}) 6... exf6 7. a4 Qb6 8. Nf3 $146 {Black is slightly better.} ({Predecessor:} 8. axb5 cxb5 9. Nd5 Qc6 10. e4 Be6 11. Nc3 Qb7 12. Qf3 Bd7 13. Qg3 Nc6 {0-1 (65) Titov,D (2175)-Kozenkov,V (1995) St Petersburg 2009}) 8... Bb4 9. Be2 O-O 10. O-O Bxc3 11. bxc3 a6 12. Qb1 Be6 13. Nd2 Nd7 {[%cal Bb8d7,Bd7f6,Bf6d5][%mdl 32]} 14. e4 g6 15. f4 (15. Bf3 $15) 15... f5 $17 16. Bf3 fxe4 17. Bxe4 Bd5 18. Kh1 (18. f5 $17 {was worth a try.}) 18... Nf6 $19 19. Bf3 Bxf3 20. Nxf3 Nd5 21. Qc1 (21. f5 $17 {keeps fighting.}) 21... Qc7 22. f5 Rae8 {[%cal Ba8e8,Be8e3,Be3e2][%mdl 32]} 23. Ne5 (23. Qh6 $142 gxf5 24. Nh4) 23... f6 24. Nf3 (24. Ng4 $142) 24... g5 25. axb5 axb5 26. h3 Re3 {Black is clearly winning.} 27. Ra3 Rfe8 28. Qb2 Qg3 {[#] aiming for ...Re2.} 29. Ra6 Re2 {Precision: White = 25%, Black = 82%.} 0-1

[Event "RUS-chT Blitz Women 2018"]
[Site "Sochi"]
[Date "2018.10.10"]
[Round "4"]
[White "Pogonina, Natalija"]
[Black "Bodnaruk, Anastasia"]
[Result "1/2-1/2"]
[WhiteElo "2485"]
[BlackElo "2423"]
[Annotator "TA"]
[PlyCount "149"]
[EventDate "2018.10.10"]
[EventType "swiss"]
[EventCountry "RUS"]
[SourceTitle "playchess.com"]
[Source "ChessBase"]
[SourceQuality "1"]

{[%evp 14,149,37,14,35,25,36,6,12,5,5,0,0,0,0,0,0,-17,0,0,0,0,-6,-7,-7,-14,-14,-14,0,-16,0,-18,-8,-16,-4,-6,-5,-7,-6,-34,0,0,0,0,0,0,0,0,0,0,0,0,0,0,0,-2,0,0,0,-4,0,-8,0,-19,0,-20,0,0,0,0,0,0,0,0,0,0,0,0,0,0,0,0,0,0,0,0,-2,-2,0,-3,0,-3,0,0,0,0,0,0,0,0,0,0,0,0,0,0,0,0,0,0,44,0,0,0,0,0,0,0,0,0,0,0,0,0,0,0,0,0,0,0,0,0,0,0,0,0,0,0]} 1. d4 Nf6 2. c4 g6 3. Nf3 Bg7 4. e3 O-O 5. Be2 d6 6. O-O Nbd7 7. Nc3 c6 8. b3 Qc7 {E61: King's Indian: Early deviations for White, including Smyslov System} 9. Qc2 (9. Bb2 Re8 10. Qc2 e5 11. Rfd1 Nf8 12. Ba3 e4 13. Nd2 Bf5 14. Nf1 Qe7 15. b4 h5 16. Rab1 N8h7 17. c5 d5 {0-1 (63) Gunina,V (2525)-Gvetadze,S (2283) Doha 2016}) 9... e5 10. dxe5 Nxe5 11. Nxe5 dxe5 12. Ba3 $146 ({Predecessor:} 12. e4 Be6 13. h3 Rfd8 14. Be3 b6 {½-½ (43) Brower,W-Diaz Castanet,J (2139) ICCF email 2013}) 12... Rd8 13. Rad1 Bf5 14. e4 Be6 15. Bc5 b6 16. Be3 Ng4 17. Bxg4 Bxg4 18. f3 Be6 19. Rxd8+ Rxd8 20. Rd1 f5 21. Rd2 Rd7 22. Qd1 f4 23. Bf2 Bf8 (23... Rxd2 {is more complex.} 24. Qxd2 g5 25. Na4 h5 26. Nb2 Bf6) 24. Rxd7 Qxd7 25. Qxd7 Bxd7 $11 {[%mdl 4096] Endgame KBB-KBN} 26. Ne2 Be6 27. Nc1 Kf7 28. Nd3 Bd6 $1 29. Be1 Bc8 30. Bc3 Ke6 $1 31. Kf2 c5 32. Bb2 Bd7 33. Ke2 g5 34. Nf2 Be8 35. h3 Bd7 36. Nd1 Bc6 37. Nc3 Bd7 38. Nd5 Bc6 39. Kd3 h5 40. a4 Kf7 41. Nc3 Ke6 42. Nd5 Kf7 43. Nc3 Bd7 44. Nb5 Bb8 45. Nc3 g4 46. hxg4 hxg4 47. Ke2 Kg6 48. Nd5 Bd6 49. Kf2 Kg5 50. Bc3 Kg6 51. Bb2 Kg5 52. Bc3 g3+ 53. Kf1 Kg6 54. Bb2 Kf7 55. Bc3 Ke6 56. Bb2 Bc6 57. Bc3 Kf7 58. Bb2 Ke6 59. Bc3 Kd7 60. Bb2 $1 Ke6 61. Bc3 Bxd5 (61... Be8 {is interesting.} 62. Ke2 Kf7 63. Bb2 Kg6 64. Nc3 Kg5) 62. cxd5+ {KB-KB} (62. exd5+ {seems wilder.} Kf5 63. a5 bxa5 64. Bxa5 e4 65. Ke2) 62... Kd7 {The position is equal.} 63. Ke2 a6 64. Kd3 b5 $1 65. axb5 axb5 66. Ba5 Kc8 67. Kc3 Kd7 68. b4 c4 69. Bb6 Kc8 70. Bg1 $1 Kd7 71. Bb6 Kc8 72. Bc5 Kd7 73. Bb6 Kc8 74. Bc5 Kd7 75. Bb6 {Precision: White = 76%, Black = 62%.} 1/2-1/2

[Event "RUS-chT Blitz Women 2018"]
[Site "Sochi"]
[Date "2018.10.10"]
[Round "4"]
[White "Ovod, Evgenija"]
[Black "Girya, Olga"]
[Result "0-1"]
[WhiteElo "2363"]
[BlackElo "2479"]
[Annotator "TA"]
[PlyCount "66"]
[EventDate "2018.10.10"]
[EventType "swiss"]
[EventCountry "RUS"]
[SourceTitle "playchess.com"]
[Source "ChessBase"]
[SourceQuality "1"]

{[%evp 9,66,0,0,0,0,0,12,-10,4,-7,6,-6,0,-31,-29,-32,-43,-43,-7,-8,-13,-9,-3,-19,0,-100,-99,-112,-128,-212,-214,-243,-242,-570,-529,-555,-552,-527,-522,-560,-518,-523,-509,-717,-618,-655,-544,-553,-541,-518,-519,-1044,-251,-29985,-29987,-29987,-29988,-29987,-29987]} 1. d4 d5 2. Bf4 c5 3. e3 cxd4 4. exd4 Nc6 5. c3 Bf5 (5... Nf6 6. Bd3 Bg4 7. Qb3 Qc8 8. Nd2 e6 9. Ngf3 Bh5 10. O-O Be7 11. Rae1 a6 12. Qc2 Bg6 13. Ne5 Nxd4 14. Qa4+ Nc6 15. Nxg6 hxg6 16. Nf3 b5 17. Qd1 Qd7 18. a4 bxa4 19. Qxa4 {1-0 (84) Nakamura,H (2780)-Topalov,V (2749) Saint Louis 2017}) 6. Nd2 {B13: Caro-Kann: Exchange Variation and Panov-Botvinnik Attack} e6 7. Ngf3 Bd6 8. Bg3 {The position is equal.} Nf6 (8... h6 9. Qb3 Rb8 10. Ne5 Nge7 11. Be2 O-O 12. O-O Nxe5 13. dxe5 {0-1 (64) Ovod,E (2379)-Girya,O (2505) Sochi 2017}) 9. Be2 O-O 10. O-O h6 11. Ne5 Bxe5 $146 ({Predecessor:} 11... Qc7 12. Nd3 Bxg3 13. hxg3 {1-0 (61) Pham,L (2341)-Nguyen,T (2266) Hanoi 2017}) 12. dxe5 Nd7 {[%cal Bf6d7,Bd7c5,Bc5a4,Ba4c3,Bc3e2][%mdl 32]} 13. Nf3 Be4 14. Re1 $1 Qb6 15. Qd2 Rac8 {[%cal Ba8c8,Bc8c2,Bc2e2,Be2e1][%mdl 32]} 16. Rad1 Nc5 17. Nd4 (17. Bf4 $11) 17... Nxd4 $1 $17 18. cxd4 {[#]} Na4 $1 19. b3 {[#]} (19. Rc1 $17 Qxb2 20. Bf4) 19... Rc2 $1 $19 {[%cal Rc2d2]} 20. Qf4 Nc3 21. Bd3 $2 (21. Rd2 {was the crucial defense.}) 21... Bxd3 22. Rxd3 Ne2+ 23. Rxe2 Rxe2 {[%cal Re2e1]} 24. h4 Rc8 25. h5 Qc6 26. Qg4 Re1+ 27. Kh2 Kh7 28. Bf4 Qc2 29. Rg3 {[%csl Gg3][%cal Rg4g7]} Rg8 30. Bxh6 (30. Qf3 $142 Qxa2 31. Rh3) 30... Qd1 $2 (30... Qxf2 {( -> ...Qg1+)} 31. Be3 Rxe3 32. Rxe3 Qxe3) 31. Rf3 $2 (31. Qxd1 $19 Rxd1 32. Be3) 31... Rh1+ {Black mates.} 32. Kg3 gxh6 33. Rxf7+ Kh8 {Precision: White = 37%, Black = 50%.} 0-1